Statistics for Closest NFL Divisional Rivals

Click here to take the quiz!

General Stats

  • This quiz has been taken 26 times
  • The average score is 6 of 10

Answer Stats

DistanceDivisional Pairs% Correct
208 milesBears-Packers
83%
204 milesJets-Patriots
71%
278 milesPackers-Vikings
71%
248 milesBengals-Browns
67%
133 milesBrowns-Steelers
63%
134 milesCommanders-Eagles
63%
96 milesEagles-Giants
58%
245 milesFalcons-Panthers
58%
221 milesCommanders-Giants
50%
247 milesRavens-Steelers
42%

Score Distribution

Percentile by Number Answered

Percent of People with Each Score

Your Score History

You have not taken this quiz